000 00602nam a2200229Ia 4500
003 OSt
005 20230516111713.0
008 210423s2014 xx 000 0 und d
020 _a978-0-19-569406-2
040 _cAL
041 _aeng
082 _a920 LIMO
100 _aLIMBALE (Sharankumar)
_9104970
245 _aOutcaste: akkarmashi
_cBHOOMKAR (Santhosh) Tr
260 _aNew Delhi
_bOxford University Press
_c2014
300 _axxvi,121
_bPB
365 _b250
_cINR
650 _aBiography
_9104971
650 _aBiography
_9104971
906 _aakkarmashi ; Outcaste:
942 _2ddc
_cBK
999 _c166284
_d166284